000 00752nam a2200289Ia 4500
005 20260324122821.0
008 008 260324s9999 xx 000 0 eng d
020 _a9780203815915
037 _aEBOOK
040 _aCRL
040 _beng
040 _cCRL
041 _2eng
041 _aeng
084 _qCRL
100 _aDeborah Crawford Sturm; Donna M. Gibson
_91167928
245 0 _aSocial Class and the Helping Professions
245 2 _bA Clinician's Guide to Navigating the Landscape of Class in America
260 _bTaylor and Francis
260 _c2012
365 _a
365 _b220
856 _uhttp://www.taylorfrancis.com/books/9780203815915
942 _cEBOOK
999 _c1760946
_d1760946